LEADER 00878nam a2200217 i 4500 001 000000143321 003 CaOOAMICUS 005 20050929000000.0 008 050929s1988 it u000 u ita u 013 $a118679 040 $aSeMil$bita 100 1 $aGiacon, Modesto.$0(OLS)http://semarc/name/46398 245 10$aMaddalena di Canossa :$bumiltà nella carità /$cModesto Giacon. 260 $a[S.l. :$bs.n.],$cstampa 1988$e(Verona :$fNovastampa,$gstampa 1988) 300 $a143 p. ;$c20 cm. 500 $aContiene : Bibliografia. 650 4$aMaddalena : di Canossa .$0(OLS)http://semarc/subject/7092 850 $aSeMil 852 $aSeMil$W1$xVenegono$y1$m3H V 342$j96432$B96432$CSeMilBibl$Z2$F103735 $81 996 $6245$aMaddalena di Canossa :$bumiltà nella carità$9(OLS)http://semarc/title/209767 996 $6260$a[S.l. :$bs.n.]$9(OLS)http://semarc/publisher/29751 LEADER 01399nam a2200289 i 4500 001 000000110318 003 CaOOAMICUS 005 20021128000000.0 008 021128s1982 cg u000 u fre u 013 $a82999 040 $aSeMil$bita 245 10$aPhilosophie et droits de l'homme :$bactes de la 5. Semaine Philosophique de Kinshasa du 26 au 1. mai 1981. 260 $aKinshasa :$bFaculté de théologie catholique,$c1982. 300 $a492 p. ;$c24 cm. 490 0 $aRecherches philosophiques africaines ;$v7 500 $aFondo Card. C.M. Martini. 650 4$aFilosofia - Atti di congressi.$0(OLS)http://semarc/subject/57 650 4$aFilosofia africana.$0(OLS)http://semarc/subject/19138 650 4$aAfrica - Diritti umani.$0(OLS)http://semarc/subject/19625 700 1 $aSemaine Philosophique de Kinshasa <5. ; 1981 ; Kinshasa>.$0(OLS)http://semarc/name/46280 830 0$aRecherches philosophiques africaines ;$v7.$0(OLS)http://semarc/title/10570 850 $aSeMil 852 $aSeMil$W1$xVenegono$y1$m2P IV 110$j66216$B66216$CSeMilBibl$Z2$F104861 $81 941 1 $a4 961 $aOmaggio: Martini Card. Carlo Maria 996 $6245$aPhilosophie et droits de l'homme :$bactes de la 5. Semaine Philosophique de Kinshasa du 26 au 1. mai 1981$9(OLS)http://semarc/title/160340 996 $6260$aKinshasa :$bFaculté de théologie catholique$9(OLS)http://semarc/publisher/32156